| 000 | 00483nam a2200121Ia 4500 | ||
|---|---|---|---|
| 008 | 220620s9999||||xx |||||||||||||| ||und|| | ||
| 245 | 0 |
_aResearch Assessment in the Humanities _bTowards Criteria and Procedures |
|
| 546 | _aEnglish[eng] | ||
| 650 | _aEducation||Assessment||Higher education||Ethics||Public administration | ||
| 700 | _aOchsner, Michael||Hug, Sven E.||Daniel, Hans-Dieter | ||
| 856 | _uhttps://library.oapen.org/bitstream/20.500.12657/22952/1/1007208.pdf | ||
| 942 | _cEB | ||
| 999 |
_c24169 _d24169 |
||